00988nam a22002417a 4500999001500000001000600015003000900021005001700030008004100047020001800088040003800106082001600144100001500160245008000175260005300255300003000308490004700338504005100385650006200436942001200498952011400510952012200624 c3997d399722119BD-DhUAP20240318123000.0200301s19982009ii abf b f001 0 eng  a9780521152181 aBD-DhUAPcBD-DhUAPdBD-DhUAPbEng a425 URG223 aUr, Penny. aGrammar practice activities : ba practical guide for teachers /cPenny Ur. aNew York :bCambridge University Press, cc1996. axiii, 288 pages ;c23 cm. aCambridge handbooks for language teachers. aIncludes bibliographical references and index. aEnglish language vStudy and teaching xForeign speakers. 2ddccBK 00102ddc4070aUAPCLbUAPCLcGeneral Stacksd2020-03-16o425 URGp3010003362r2020-03-16t1w2020-03-16yBK 00102ddc4070aUAPCLbUAPCLcGeneral Stacksd2024-03-18o425 URGp3010022119r2024-03-18t2v520.00w2024-03-18yBK